[Event "XXX Coppa d'Oro"]
[Site "Villa Guardia ITA"]
[Date "2012.11.03"]
[Round "3"]
[White "Aldeghi, Damiano"]
[Black "Napoli, Ferdinando"]
[WhiteElo "1405"]
[BlackElo "1732"]
[Result "0-1"]
[PlyCount "102"]
[EventDate "2012.11.01"]

1. e4 c5 2. Nf3 d6 3. Nc3 a6 4. d4 cxd4 5. Nxd4 Nf6 6. Be2 e6 7. O-O Be7 8. Be3
Qc7 9. Nf3 b5 10. a3 Bb7 11. Qd3 Nbd7 12. Rfd1 Nc5 13. Bxc5 Qxc5 14. Qd4 Qc7
15. e5 dxe5 16. Qxe5 Rc8 17. Rd2 O-O 18. Rad1 Nd5 19. Nxd5 Bxd5 20. Qxc7 Rxc7
21. Ne1 Bg5 22. Rd4 Bf6 23. Rb4 g6 24. a4 Be7 25. Rbd4 Bf6 26. Rb4 Bc4 27. Bxc4
Rxc4 28. Rxc4 bxc4 29. c3 Rb8 30. Rb1 Bxc3 31. Nc2 Rxb2 32. Rxb2 Bxb2 33. Kf1
f5 34. Ke2 Kf7 35. Kd2 e5 36. Nb4 Ke6 37. Nxa6 Kd6 38. Kc2 Bd4 39. f3 Kc6 40.
Nb4+ Kc5 41. Na6+ Kb6 42. Nb4 Ka5 43. Nd5 Kxa4 44. Nf6 Bc5 45. Nxh7 Be7 46. Kc3
Kb5 47. g4 Kc5 48. g5 Bd8 49. h4 e4 50. fxe4 fxe4 51. h5 gxh5 0-1

[Event "XXX Coppa d'Oro"]
[Site "Villa Guardia ITA"]
[Date "2012.11.03"]
[Round "3"]
[White "Bernasconi, Roberto"]
[Black "Grassetto, Gilberto"]
[WhiteElo "1954"]
[BlackElo "1861"]
[Result "1-0"]
[PlyCount "97"]
[EventDate "2012.11.01"]

1. e4 c5 2. Nf3 d6 3. d4 cxd4 4. Nxd4 Nf6 5. Nc3 a6 6. Bg5 e6 7. f4 Be7 8. Qf3
Nbd7 9. O-O-O Qc7 10. g4 b5 11. Bxf6 Nxf6 12. g5 Nd7 13. f5 Bxg5+ 14. Kb1 Ne5
15. Qh5 Bf6 16. fxe6 O-O 17. exf7+ Qxf7 18. Qxf7+ Rxf7 19. Nd5 Bb7 20. Nf5 Rd8
21. Rg1 Bxd5 22. Rxd5 Nf3 23. Nh6+ Kf8 24. Nxf7 Kxf7 25. Rg2 h6 26. Rf2 Ne5 27.
Be2 Ke7 28. Rf1 Rc8 29. Rfd1 Nc4 30. Bxc4 Rxc4 31. Rxd6 Rxe4 32. Rxa6 Re2 33.
Rh1 g5 34. Ra7+ Ke8 35. Rh7 Kf8 36. Rxh6 Kg7 37. Rh3 Kg6 38. Rb3 Re5 39. h3 Rf5
40. Kc1 Be5 41. Kd2 Bf4+ 42. Kd3 Rd5+ 43. Ke4 Rd2 44. Rxb5 Rxc2 45. Kf3 Rd2 46.
a4 Rd3+ 47. Ke4 Re3+ 48. Kd4 Re6 49. b4 1-0

[Event "XXX Coppa d'Oro"]
[Site "Villa Guardia ITA"]
[Date "2012.11.03"]
[Round "3"]
[White "Bernocchi, Luca"]
[Black "Loukili, Ibrahim"]
[WhiteElo "1437"]
[BlackElo "1467"]
[Result "1-0"]
[PlyCount "43"]
[EventDate "2012.11.01"]

1. e4 e5 2. Nf3 Nc6 3. Bb5 a6 4. Ba4 Nge7 5. d3 d6 6. c3 Bd7 7. Nbd2 Ng6 8. Nf1
Be7 9. Ng3 O-O 10. O-O b5 11. Bc2 Bf6 12. Bb3 Nce7 13. d4 exd4 14. cxd4 c6 15.
d5 cxd5 16. exd5 Kh8 17. Bc2 Ng8 18. Rb1 Nh6 19. Ne4 Nf5 20. Bg5 Bxg5 21. Nexg5
f6 22. Ne4 1-0

[Event "XXX Coppa d'Oro"]
[Site "Villa Guardia ITA"]
[Date "2012.11.03"]
[Round "3"]
[White "Cairoli, Camillo"]
[Black "Falchi, Claudio"]
[WhiteElo "1939"]
[BlackElo "1859"]
[Result "1/2-1/2"]
[PlyCount "73"]
[EventDate "2012.11.01"]

1. d4 e6 2. Nf3 f5 3. c4 Nf6 4. Nc3 d5 5. e3 c6 6. Bd3 Bd6 7. Qc2 Ne4 8. b3 Bb4
9. Bb2 Qa5 10. Bxe4 fxe4 11. Ne5 Nd7 12. Nxd7 Bxd7 13. O-O O-O 14. Nd1 Bd6 15.
Qe2 Qc7 16. h3 Rf6 17. f4 exf3 18. Rxf3 Rxf3 19. Qxf3 Rf8 20. Qe2 Bg3 21. Bc3
Be8 22. Be1 Bh5 23. Bxg3 Qxg3 24. Qxh5 Qe1+ 25. Kh2 g6 26. Qg4 Rf1 27. Qxe6+
Kf8 28. Qd6+ Kg7 29. Qe5+ Kf7 30. Qc7+ Kg8 31. Qb8+ Kg7 32. Qe5+ Kf7 33. Qc7+
Ke6 34. cxd5+ cxd5 35. Qe5+ Kf7 36. Qxd5+ Kf8 37. Qd6+ 1/2-1/2

[Event "XXX Coppa d'Oro"]
[Site "Villa Guardia ITA"]
[Date "2012.11.03"]
[Round "3"]
[White "Ciochetta, Giovanni"]
[Black "Paniga, Danilo"]
[WhiteElo "1529"]
[BlackElo "1849"]
[Result "0-1"]
[PlyCount "86"]
[EventDate "2012.11.01"]

1. e4 d6 2. d4 Nf6 3. Nc3 c6 4. Nf3 Bg4 5. Be2 e6 6. Bg5 Be7 7. O-O d5 8. Bxf6
Bxf6 9. e5 Be7 10. Nd2 Bxe2 11. Qxe2 O-O 12. Nf3 a6 13. Rfb1 c5 14. dxc5 Bxc5
15. b4 Ba7 16. a4 Nc6 17. b5 Nd4 18. Nxd4 Bxd4 19. Ra3 Qc7 20. Nd1 Qxe5 21.
Qxe5 Bxe5 22. bxa6 bxa6 23. Rb7 Rfb8 24. Rab3 Kf8 25. g3 Rxb7 26. Rxb7 Rb8 27.
Rxb8+ Bxb8 28. Nb2 Ke7 29. Kf1 Kd6 30. Nd3 Ba7 31. Ke2 Bd4 32. Nb4 a5 33. Nd3
e5 34. f3 f5 35. Nc1 e4 36. Nb3 Bc3 37. Ke3 g5 38. h3 d4+ 39. Nxd4 Bxd4+ 40.
Kxd4 exf3 41. Ke3 g4 42. hxg4 fxg4 43. c3 Kc5 0-1

[Event "XXX Coppa d'Oro"]
[Site "Villa Guardia ITA"]
[Date "2012.11.03"]
[Round "3"]
[White "Fantina, Carla"]
[Black "Gonella, Graziano"]
[WhiteElo "1485"]
[BlackElo "1202"]
[Result "1-0"]
[PlyCount "59"]
[EventDate "2012.11.01"]

1. c4 e5 2. Nc3 Nc6 3. e3 Nf6 4. g3 d5 5. cxd5 Nxd5 6. Bg2 Nxc3 7. bxc3 g6 8.
Ne2 Bg4 9. O-O Bg7 10. f3 Be6 11. d4 exd4 12. exd4 Bc4 13. Re1 O-O 14. Nf4 Re8
15. Be3 g5 16. Nd3 f6 17. Nb2 Bf7 18. Qd2 Rb8 19. f4 Bd5 20. fxg5 Bxg2 21. Qxg2
fxg5 22. Rad1 Qf6 23. Nc4 Ne7 24. Ne5 Rbd8 25. Rf1 Qb6 26. Nf7 Rd5 27. Bxg5 Rf5
28. Bxe7 Rxf1+ 29. Rxf1 Rxe7 30. Qd5 1-0

[Event "XXX Coppa d'Oro"]
[Site "Villa Guardia ITA"]
[Date "2012.11.03"]
[Round "3"]
[White "Ghelfi, Giancarlo"]
[Black "Nipote, Mario"]
[WhiteElo "1657"]
[BlackElo "1518"]
[Result "1-0"]
[PlyCount "49"]
[EventDate "2012.11.01"]

1. e4 c6 2. d4 d5 3. exd5 cxd5 4. c4 Nf6 5. Nc3 e6 6. Nf3 Nc6 7. a3 Be7 8. cxd5
exd5 9. Bd3 Bg4 10. Be3 O-O 11. O-O Rc8 12. Bc2 Bh5 13. Re1 Qc7 14. Rc1 a6 15.
b4 Bd6 16. h3 Bf4 17. b5 Bxe3 18. Rxe3 Na5 19. Nxd5 Qd6 20. Ne7+ Kh8 21. Nxc8
Rxc8 22. Qe1 Bxf3 23. Rxf3 axb5 24. Qxa5 Qxd4 25. Rd3 1-0

[Event "XXX Coppa d'Oro"]
[Site "Villa Guardia ITA"]
[Date "2012.11.03"]
[Round "3"]
[White "Gonella, Daniele"]
[Black "Primerano, Carlo"]
[WhiteElo "2148"]
[BlackElo "1746"]
[Result "1-0"]
[PlyCount "45"]
[EventDate "2012.11.01"]

1. e4 c5 2. Nc3 Nc6 3. g3 e6 4. Bg2 g6 5. d3 Bg7 6. f4 Nge7 7. Nf3 d6 8. O-O
O-O 9. Be3 Nd4 10. e5 Nef5 11. Bf2 a6 12. Ne4 Nxf3+ 13. Qxf3 Rb8 14. g4 Nd4 15.
Bxd4 cxd4 16. Nxd6 f6 17. Qe4 fxe5 18. fxe5 Qg5 19. Rxf8+ Bxf8 20. Qxd4 Bxd6
21. Qxd6 Qe3+ 22. Kh1 Qa7 23. Rf1 1-0

[Event "XXX Coppa d'Oro"]
[Site "Villa Guardia ITA"]
[Date "2012.11.03"]
[Round "3"]
[White "Guzzetti, Luigi Enrico"]
[Black "Raineri, Valerio"]
[WhiteElo "1923"]
[BlackElo "2142"]
[Result "0-1"]
[PlyCount "84"]
[EventDate "2012.11.01"]

1. e4 e5 2. Nf3 Nc6 3. Bb5 a6 4. Ba4 Nge7 5. O-O d6 6. c3 Bd7 7. d4 Ng6 8. Re1
Be7 9. Nbd2 O-O 10. Nf1 Qe8 11. Bb3 Bg4 12. d5 Na5 13. h3 Nxb3 14. axb3 Bd7 15.
Ng3 f5 16. exf5 Bxf5 17. Ng5 Bxg5 18. Bxg5 Bd7 19. Qd2 h6 20. Be3 Nh4 21. Bxh6
gxh6 22. Qxh6 Ng6 23. Ne4 Qf7 24. Re3 Qg7 25. Qg5 Rf5 26. Qg3 Nf4 27. Qxg7+
Kxg7 28. g4 Rff8 29. c4 Rh8 30. g5 Bxh3 31. b4 Rh5 32. b5 Bf5 33. Ng3 Rxg5 34.
b4 Bd3 35. bxa6 bxa6 36. c5 Bc4 37. Rc1 Ne2+ 38. Rxe2 Bxe2 39. cxd6 cxd6 40.
Rc7+ Kh6 41. Kh2 Rag8 42. Nxe2 Kh5 0-1

[Event "XXX Coppa d'Oro"]
[Site "Villa Guardia ITA"]
[Date "2012.11.03"]
[Round "3"]
[White "Laricini, Alberto"]
[Black "Corti, Filippo"]
[WhiteElo "1816"]
[BlackElo "1657"]
[Result "1/2-1/2"]
[PlyCount "108"]
[EventDate "2012.11.01"]

1. d4 Nf6 2. Nf3 g6 3. c4 Bg7 4. Nc3 d6 5. e4 O-O 6. Be2 Nbd7 7. h3 e5 8. Be3
Qe7 9. Qc2 Re8 10. Bd3 exd4 11. Bxd4 Nc5 12. Bxc5 dxc5 13. O-O Bd7 14. Rfe1 Bc6
15. Nd5 Qd7 16. Rad1 Bxd5 17. cxd5 b6 18. a4 a6 19. b3 Nh5 20. Qd2 Qd6 21. g3
Qf6 22. Qe2 Qd6 23. Qc2 Qf6 24. Nh2 Qd6 25. Qd2 Bd4 26. Kh1 f5 27. Nf3 fxe4 28.
Bxe4 Bxf2 29. Qxf2 Nxg3+ 30. Kg1 Nxe4 31. Qg2 Qg3 32. Nh2 Qxg2+ 33. Kxg2 Nd6
34. Ng4 Rxe1 35. Rxe1 Nf5 36. Kf2 Rd8 37. Nf6+ Kg7 38. Ne8+ Kf7 39. Nxc7 a5 40.
Re5 Rd7 41. Na8 Re7 42. Rxe7+ Kxe7 43. Nxb6 Kd6 44. Nc4+ Kxd5 45. Nxa5 Nd4 46.
Kg3 Nc2 47. Kg4 h6 48. h4 Kd4 49. Nb7 Nb4 50. Kf4 Na6 51. a5 Kc3 52. Ke5 Kxb3
53. Nxc5+ Nxc5 54. Kf6 g5 1/2-1/2

[Event "XXX Coppa d'Oro"]
[Site "Villa Guardia ITA"]
[Date "2012.11.03"]
[Round "3"]
[White "Orlando, Luigi"]
[Black "Squillante, Michele"]
[WhiteElo "1873"]
[BlackElo "1733"]
[Result "1-0"]
[PlyCount "87"]
[EventDate "2012.11.01"]

1. Nf3 Nf6 2. g3 g6 3. Bg2 Bg7 4. d3 d6 5. O-O O-O 6. e4 e5 7. Nbd2 Bg4 8. h3
Bd7 9. Re1 Nc6 10. c3 Re8 11. Nf1 Qc8 12. Kh2 Rb8 13. Bg5 h6 14. Bxf6 Bxf6 15.
Ne3 Bg7 16. Nh4 Ne7 17. g4 Kh7 18. Rf1 Rf8 19. Qd2 f5 20. exf5 gxf5 21. Nhxf5
Nxf5 22. Be4 Kg8 23. Bxf5 Bxf5 24. Nxf5 Rxf5 25. gxf5 Qxf5 26. Rg1 Kh7 27. Qe3
c5 28. Qe4 Rf8 29. Rg2 Qxe4 30. dxe4 b5 31. a4 bxa4 32. Rxa4 Rf7 33. Ra6 Rd7
34. Rg1 Bf8 35. Rga1 Kg6 36. Rxa7 Rxa7 37. Rxa7 Kf6 38. Kg3 Ke6 39. Kg4 d5 40.
Ra6+ Bd6 41. exd5+ Kxd5 42. Kf5 c4 43. Ra5+ Kc6 44. Rxe5 1-0

[Event "XXX Coppa d'Oro"]
[Site "Villa Guardia ITA"]
[Date "2012.11.03"]
[Round "3"]
[White "Revinelli, Sergio"]
[Black "Poletto, Daniele"]
[WhiteElo "1827"]
[BlackElo "1732"]
[Result "1/2-1/2"]
[PlyCount "72"]
[EventDate "2012.11.01"]

1. e4 c5 2. Nf3 e6 3. d4 cxd4 4. Nxd4 a6 5. Bd3 Nc6 6. Nxc6 dxc6 7. Nd2 e5 8.
Qh5 Qa5 9. O-O Nf6 10. Qe2 Qc7 11. Nc4 Be6 12. Be3 b5 13. Nd2 Be7 14. h3 O-O
15. Rac1 Rab8 16. b3 Rfd8 17. c4 Ba3 18. Rc2 Qd7 19. Nb1 Qxd3 20. Nxa3 Nxe4 21.
cxb5 Qxe2 22. Rxe2 Nc3 23. Rc2 Nxb5 24. Nxb5 cxb5 25. Rc6 a5 26. Rfc1 Rbc8 27.
Rxc8 Rxc8 28. Rxc8+ Bxc8 29. Bb6 a4 30. bxa4 bxa4 31. Kf1 Bb7 32. g3 f6 33. Ke2
a3 34. Bc5 Bd5 35. Bxa3 Bxa2 36. Ke3 Kf7 1/2-1/2

[Event "XXX Coppa d'Oro"]
[Site "Villa Guardia ITA"]
[Date "2012.11.03"]
[Round "3"]
[White "Ronconi, Fausto"]
[Black "Rossi, Giampiero"]
[WhiteElo "1709"]
[BlackElo "1884"]
[Result "0-1"]
[PlyCount "96"]
[EventDate "2012.11.01"]

1. d4 d5 2. c4 e6 3. Nc3 c6 4. e3 Nf6 5. Nf3 Nbd7 6. cxd5 exd5 7. Bd3 Bd6 8.
O-O O-O 9. Bd2 Re8 10. Re1 Nf8 11. Rc1 Bg4 12. e4 dxe4 13. Nxe4 Nxe4 14. Bxe4
Bh5 15. Qb3 Qb6 16. Qxb6 axb6 17. a3 Bg6 18. Ng5 h6 19. Bxg6 Nxg6 20. Ne4 Bf4
21. Bxf4 Nxf4 22. Nd6 Ne2+ 23. Kf1 Nxc1 24. Rxe8+ Rxe8 25. Nxe8 Nb3 26. Nd6
Nxd4 27. Nxb7 Kf8 28. Nd6 b5 29. Ke1 Ke7 30. Ne4 f5 31. Nc3 Kd6 32. Kd2 Ke5 33.
Kd3 g5 34. Ne2 Ne6 35. b4 g4 36. Ke3 h5 37. g3 Nc7 38. Nf4 Nd5+ 39. Nxd5 cxd5
40. Kd3 d4 41. Kd2 Ke4 42. Ke2 d3+ 43. Kd2 Kd4 44. Kd1 Kc3 45. Kc1 d2+ 46. Kd1
Kd3 47. a4 bxa4 48. b5 a3 0-1

[Event "XXX Coppa d'Oro"]
[Site "Villa Guardia ITA"]
[Date "2012.11.03"]
[Round "3"]
[White "Valsecchi, Luca"]
[Black "Puppi, Simone"]
[WhiteElo "1823"]
[BlackElo "1551"]
[Result "1-0"]
[PlyCount "93"]
[EventDate "2012.11.01"]

1. d4 Nf6 2. e3 d5 3. Nf3 Bg4 4. c4 c6 5. Be2 Bxf3 6. Bxf3 Nbd7 7. cxd5 cxd5 8.
O-O e5 9. dxe5 Nxe5 10. Nc3 Nxf3+ 11. Qxf3 Bb4 12. Ne2 O-O 13. a3 Qa5 14. b3
Ne4 15. Rd1 Bd2 16. Bb2 Rac8 17. b4 Qb6 18. Ng3 Bc3 19. Bxc3 Nxc3 20. Rd2 Rc7
21. Ne2 Nxe2+ 22. Qxe2 Rd8 23. Rad1 Rc3 24. Rd3 Rxd3 25. Rxd3 Qc6 26. Qd2 Qc4
27. Rd4 Qb3 28. Qd3 Qb2 29. g3 g6 30. e4 Rc8 31. Rxd5 Rc3 32. Rd8+ Kg7 33. Qd4+
Kh6 34. e5 Qc1+ 35. Kg2 Rxa3 36. Qh4+ Kg7 37. Qf6+ Kh6 38. Rd4 Qc6+ 39. Qxc6
bxc6 40. Rd7 a5 41. Rxf7 axb4 42. e6 Ra8 43. Rb7 c5 44. f4 Re8 45. e7 Kg7 46.
Rc7 Rxe7 47. Rxe7+ 1-0

[Event "XXX Coppa d'Oro"]
[Site "Villa Guardia ITA"]
[Date "2012.11.03"]
[Round "4"]
[White "Aldeghi, Damiano"]
[Black "Fantina, Carla"]
[WhiteElo "1405"]
[BlackElo "1485"]
[Result "1-0"]
[PlyCount "81"]
[EventDate "2012.11.01"]

1. e4 d6 2. Nf3 Nf6 3. Nc3 g6 4. h3 Bg7 5. Bc4 O-O 6. d4 Nxe4 7. Bxf7+ Rxf7 8.
Nxe4 h6 9. O-O Bf5 10. Re1 Nc6 11. d5 Ne5 12. Nxe5 dxe5 13. b3 b6 14. Bb2 Bxe4
15. Rxe4 Rf5 16. g4 Rf4 17. Qd3 Qf8 18. Rf1 g5 19. Bc1 Rf7 20. Bb2 Rd8 21. Bxe5
Bxe5 22. Rxe5 Rf6 23. Qg6+ Kh8 24. Kg2 Rdd6 25. Qe4 Rf7 26. f3 Rdf6 27. Rf2 Rf4
28. Qe3 Kg8 29. Re4 Qd8 30. Rxf4 gxf4 31. Qe6 Qf8 32. Re2 Qg7 33. Re4 Kh7 34.
Rc4 h5 35. Rxc7 hxg4 36. hxg4 a5 37. d6 Kh8 38. d7 Rf8 39. Rc8 Qf6 40. Qxf6+
exf6 41. Rxf8+ 1-0

[Event "XXX Coppa d'Oro"]
[Site "Villa Guardia ITA"]
[Date "2012.11.03"]
[Round "4"]
[White "Bernocchi, Luca"]
[Black "Ciochetta, Giovanni"]
[WhiteElo "1437"]
[BlackElo "1529"]
[Result "0-1"]
[PlyCount "60"]
[EventDate "2012.11.01"]

1. e4 e5 2. Nf3 Nf6 3. Nxe5 d6 4. Nf3 Nxe4 5. Bd3 Nf6 6. Bc4 d5 7. Bb3 Be7 8.
d3 O-O 9. Be3 c5 10. Nbd2 Bd6 11. O-O Be6 12. c4 d4 13. Bg5 Nbd7 14. Ne4 Be7
15. Qc1 Bf5 16. Re1 Bxe4 17. dxe4 h6 18. Bxf6 Bxf6 19. e5 Bg5 20. Nxg5 Qxg5 21.
Qxg5 hxg5 22. Bc2 Rae8 23. Ba4 Re7 24. Bxd7 Rxd7 25. e6 fxe6 26. Rxe6 Kf7 27.
Re5 d3 28. Rd1 d2 29. Rxc5 Re8 30. Rf5+ Kg6 0-1

[Event "XXX Coppa d'Oro"]
[Site "Villa Guardia ITA"]
[Date "2012.11.03"]
[Round "4"]
[White "Carbone, Lorenzo"]
[Black "Orlando, Luigi"]
[WhiteElo "1749"]
[BlackElo "1873"]
[Result "0-1"]
[PlyCount "82"]
[EventDate "2012.11.01"]

1. e4 d6 2. d4 Nf6 3. Bd3 g6 4. c3 Bg7 5. Nf3 O-O 6. O-O c5 7. Na3 cxd4 8. cxd4
Nc6 9. Nc2 Bg4 10. h3 Bxf3 11. Qxf3 Nd7 12. Be3 Rc8 13. Qd1 Qa5 14. a3 Qd8 15.
f4 Na5 16. Nb4 Nc4 17. Bxc4 Rxc4 18. Qd3 Nb6 19. b3 Rc8 20. Rac1 Qd7 21. f5
Rxc1 22. Bxc1 Rc8 23. fxg6 hxg6 24. Be3 Rc7 25. d5 Rc3 26. Qd2 Rxb3 27. Bxb6
axb6 28. Qf2 Qe8 29. Qxb6 Qc8 30. Qf2 Qc5 31. Nc2 Rb2 32. Kh1 Qxc2 33. Qxf7+
Kh7 34. Qf3 Bf6 35. Kh2 Qe2 36. Kg1 Qxf3 37. Rxf3 Re2 38. Rb3 Rxe4 39. Rxb7 Ra4
40. Rb3 Kg7 41. Kf2 Bd4+ 0-1

[Event "XXX Coppa d'Oro"]
[Site "Villa Guardia ITA"]
[Date "2012.11.03"]
[Round "4"]
[White "Corti, Filippo"]
[Black "Ronconi, Fausto"]
[WhiteElo "1657"]
[BlackElo "1709"]
[Result "0-1"]
[PlyCount "48"]
[EventDate "2012.11.01"]

1. Nf3 d5 2. g3 Nf6 3. Bg2 e6 4. d3 c5 5. O-O Nc6 6. Nbd2 Bd6 7. e4 dxe4 8.
dxe4 Ne5 9. Re1 O-O 10. Qe2 Nxf3+ 11. Nxf3 e5 12. Rd1 Qc7 13. Bg5 Be7 14. Bxf6
Bxf6 15. Rd2 b6 16. Rad1 Be6 17. b3 c4 18. Qe3 Rad8 19. Ng5 Rxd2 20. Rxd2 Bxg5
21. Qxg5 cxb3 22. axb3 Qc3 23. Re2 Qa1+ 24. Bf1 Bh3 0-1

[Event "XXX Coppa d'Oro"]
[Site "Villa Guardia ITA"]
[Date "2012.11.03"]
[Round "4"]
[White "Grassetto, Gilberto"]
[Black "Primerano, Carlo"]
[WhiteElo "1861"]
[BlackElo "1746"]
[Result "0-1"]
[PlyCount "66"]
[EventDate "2012.11.01"]

1. d4 Nf6 2. c4 e6 3. Nc3 Bb4 4. Qc2 O-O 5. f3 d5 6. e3 b6 7. a3 Bxc3+ 8. Qxc3
Bb7 9. b4 Nbd7 10. Bb2 Re8 11. c5 bxc5 12. dxc5 c6 13. Bd3 e5 14. O-O-O a5 15.
Ne2 axb4 16. axb4 Ba6 17. Ng3 Bxd3 18. Rxd3 Qc8 19. Nf5 Nxc5 20. Nd6 Nxd3+ 21.
Qxd3 Qd7 22. Nxe8 Qxe8 23. Rf1 Nd7 24. f4 Rb8 25. fxe5 Nxe5 26. Qd4 f6 27. g4
Rxb4 28. Qd2 Rxg4 29. Qe2 Rc4+ 30. Kb1 Qg6+ 31. Ka2 Qc2 32. Qxc2 Rxc2 33. Kb3
Rxh2 0-1

[Event "XXX Coppa d'Oro"]
[Site "Villa Guardia ITA"]
[Date "2012.11.03"]
[Round "4"]
[White "Guzzetti, Luigi Enrico"]
[Black "Cairoli, Camillo"]
[WhiteElo "1923"]
[BlackElo "1939"]
[Result "1/2-1/2"]
[PlyCount "81"]
[EventDate "2012.11.01"]

1. e4 c5 2. Nf3 d6 3. d4 cxd4 4. Nxd4 Nf6 5. Nc3 g6 6. Be2 Bg7 7. O-O Nc6 8.
Be3 O-O 9. Qd2 a6 10. Rfd1 Bd7 11. f3 Rc8 12. a4 Qc7 13. Nxc6 Bxc6 14. a5 Qd7
15. g4 Qe6 16. b3 Nd7 17. Bh6 Ne5 18. Bxg7 Kxg7 19. h3 f6 20. f4 Nf7 21. Bc4
Qd7 22. Qd4 e5 23. Qd2 exf4 24. Bxf7 Rxf7 25. Qxf4 Rd8 26. Nd5 Qe6 27. c4 Re8
28. Re1 Qe5 29. Qxe5 Rxe5 30. Kg2 h5 31. Kg3 f5 32. exf5 gxf5 33. Rxe5 dxe5 34.
gxf5 Rxf5 35. Re1 Kf7 36. Re3 Ke6 37. Nc3 Kd6 38. b4 Rf4 39. b5 h4+ 40. Kh2
axb5 41. Nxb5+ 1/2-1/2

[Event "XXX Coppa d'Oro"]
[Site "Villa Guardia ITA"]
[Date "2012.11.03"]
[Round "4"]
[White "Napoli, Ferdinando"]
[Black "Revinelli, Sergio"]
[WhiteElo "1732"]
[BlackElo "1827"]
[Result "0-1"]
[PlyCount "34"]
[EventDate "2012.11.01"]

1. d4 d5 2. c4 c6 3. Nc3 e6 4. e3 Nf6 5. Nf3 Nbd7 6. Bd3 dxc4 7. Bxc4 b5 8. Bd3
a6 9. O-O c5 10. e4 cxd4 11. Nxd4 Nc5 12. e5 Nxd3 13. Qxd3 Nd5 14. Nc6 Qc7 15.
Nxd5 Qxc6 16. Ne3 Bc5 17. Qb3 Bb7 0-1

[Event "XXX Coppa d'Oro"]
[Site "Villa Guardia ITA"]
[Date "2012.11.03"]
[Round "4"]
[White "Nipote, Mario"]
[Black "Loukili, Ibrahim"]
[WhiteElo "1518"]
[BlackElo "1467"]
[Result "1-0"]
[PlyCount "65"]
[EventDate "2012.11.01"]

1. d4 Nf6 2. c4 g6 3. Nc3 Bg7 4. e4 d6 5. Nf3 O-O 6. Be2 e5 7. O-O Nc6 8. d5
Ne7 9. h3 Ne8 10. Be3 f5 11. Bg5 f4 12. Nh2 Bf6 13. Bxf6 Rxf6 14. Bg4 Rf8 15.
Bxc8 Qxc8 16. Nf3 Kh8 17. Ng5 Ng7 18. Rc1 h6 19. Nf3 Rg8 20. Na4 Ne8 21. c5 Nf6
22. cxd6 Nexd5 23. exd5 Rg7 24. Nxe5 Qd8 25. dxc7 Rxc7 26. Nxg6+ Kg7 27. Nxf4
Rac8 28. Ne6+ Kf7 29. Nxd8+ Ke7 30. Rxc7+ Rxc7 31. d6+ Kxd8 32. dxc7+ Kxc7 33.
Qc2+ 1-0

[Event "XXX Coppa d'Oro"]
[Site "Villa Guardia ITA"]
[Date "2012.11.03"]
[Round "4"]
[White "Paniga, Danilo"]
[Black "Gonella, Daniele"]
[WhiteElo "1849"]
[BlackElo "2148"]
[Result "0-1"]
[PlyCount "43"]
[EventDate "2012.11.01"]

1. d4 Nf6 2. Nf3 g6 3. Nbd2 d5 4. e3 Bg7 5. Bd3 O-O 6. O-O Nc6 7. c3 Re8 8. e4
dxe4 9. Nxe4 e5 10. Nxf6+ Bxf6 11. dxe5 Nxe5 12. Nxe5 Bxe5 13. Be3 Qh4 14. g3
Qh3 15. Qf3 Bg4 16. Qg2 Qh5 17. h4 Bf3 18. Qh3 Rad8 19. Bc4 a6 20. Rfe1 Bf6 21.
Bd4 Rxe1+ 22. Rxe1 0-1

[Event "XXX Coppa d'Oro"]
[Site "Villa Guardia ITA"]
[Date "2012.11.03"]
[Round "4"]
[White "Poletto, Daniele"]
[Black "Laricini, Alberto"]
[WhiteElo "1732"]
[BlackElo "1816"]
[Result "1/2-1/2"]
[PlyCount "53"]
[EventDate "2012.11.01"]

1. c4 e5 2. Nc3 Nf6 3. g3 c6 4. Nf3 d6 5. d3 Be7 6. Bg2 O-O 7. O-O h6 8. e4 Be6
9. h3 Nbd7 10. Re1 Qc8 11. Kh2 Rb8 12. b3 Qc7 13. d4 exd4 14. Nxd4 Nc5 15. Nxe6
fxe6 16. Be3 d5 17. exd5 exd5 18. cxd5 Rbd8 19. Qe2 Nxd5 20. Nxd5 cxd5 21. Rac1
d4 22. Bxd4 Rxd4 23. Qxe7 Qxe7 24. Rxe7 b6 25. Rc2 a5 26. f4 Rfd8 27. Ree2
1/2-1/2

[Event "XXX Coppa d'Oro"]
[Site "Villa Guardia ITA"]
[Date "2012.11.03"]
[Round "4"]
[White "Puppi, Simone"]
[Black "Gonella, Graziano"]
[WhiteElo "1551"]
[BlackElo "1202"]
[Result "1-0"]
[PlyCount "67"]
[EventDate "2012.11.01"]

1. e4 e5 2. Nf3 d6 3. d4 exd4 4. Nxd4 Nf6 5. Nc3 g6 6. Bg5 Bg7 7. h3 O-O 8. Qf3
c6 9. O-O-O Nbd7 10. Nb3 Ne5 11. Qe2 Qc7 12. f4 Ned7 13. Qd3 Ne8 14. Be7 Nc5
15. Nxc5 Qxe7 16. Nb3 b6 17. h4 Qe6 18. Be2 Bh6 19. g3 Bb7 20. Kb1 Rd8 21. h5
g5 22. Nd4 Qc8 23. Nf5 Qe6 24. Nxh6+ Qxh6 25. fxg5 Qxg5 26. Rhf1 Nf6 27. Rf5
Qh6 28. g4 Bc8 29. g5 Bxf5 30. gxh6 Bxe4 31. Nxe4 Nxe4 32. Qxe4 Rfe8 33. Qg4+
Kh8 34. Qg7# 1-0

[Event "XXX Coppa d'Oro"]
[Site "Villa Guardia ITA"]
[Date "2012.11.03"]
[Round "4"]
[White "Raineri, Valerio"]
[Black "Bernasconi, Roberto"]
[WhiteElo "2142"]
[BlackElo "1954"]
[Result "1-0"]
[PlyCount "73"]
[EventDate "2012.11.01"]

1. e4 e5 2. Nf3 Nf6 3. Nxe5 d6 4. Nf3 Nxe4 5. Nc3 Nxc3 6. dxc3 Be7 7. Bf4 O-O
8. Qd2 Qe8 9. O-O-O Qa4 10. Kb1 Nc6 11. Nd4 a6 12. Bg5 f6 13. Be3 Nxd4 14. Qxd4
Qxd4 15. Rxd4 f5 16. Bc4+ Kh8 17. f4 Bd7 18. Rd2 Rae8 19. Bd4 Bd8 20. Bd5 Bc8
21. c4 Bf6 22. Bxf6 Rxf6 23. Kc1 Re7 24. Kd1 Rf8 25. Re1 Rfe8 26. Rxe7 Rxe7 27.
c5 g6 28. cxd6 cxd6 29. Bb3 Bd7 30. Rxd6 Bc6 31. Bd5 Bxd5 32. Rxd5 Kg7 33. Kd2
Kf7 34. g3 Rc7 35. b3 Ke6 36. c4 b5 37. Re5+ 1-0

[Event "XXX Coppa d'Oro"]
[Site "Villa Guardia ITA"]
[Date "2012.11.03"]
[Round "4"]
[White "Rossi, Giampiero"]
[Black "Falchi, Claudio"]
[WhiteElo "1884"]
[BlackElo "1859"]
[Result "1-0"]
[PlyCount "62"]
[EventDate "2012.11.01"]

1. d4 e6 2. c4 f5 3. g3 Nf6 4. Bg2 d5 5. Nf3 c6 6. O-O Bd6 7. Nc3 O-O 8. c5 Be7
9. Bf4 b6 10. b4 Ne4 11. Qc2 Nd7 12. Ne5 Nxe5 13. Bxe5 Ba6 14. Rfe1 Bf6 15.
Bxf6 Qxf6 16. e3 bxc5 17. bxc5 Rab8 18. Rab1 Nxc3 19. Qxc3 Qd8 20. Qa3 Bb5 21.
Rb2 Qc7 22. Reb1 Bc4 23. Bf1 Rxb2 24. Qxb2 Qa5 25. a3 e5 26. Bxc4 dxc4 27. Qb4
Qxb4 28. Rxb4 exd4 29. exd4 c3 30. Kf1 c2 31. Rc4 Kf7 1-0

[Event "XXX Coppa d'Oro"]
[Site "Villa Guardia ITA"]
[Date "2012.11.03"]
[Round "4"]
[White "Valsecchi, Luca"]
[Black "Ghelfi, Giancarlo"]
[WhiteElo "1823"]
[BlackElo "1657"]
[Result "1-0"]
[PlyCount "79"]
[EventDate "2012.11.01"]

1. c4 Nf6 2. g3 g6 3. Bg2 Bg7 4. Nc3 d6 5. d3 O-O 6. e4 c5 7. Nge2 Nbd7 8. O-O
a6 9. h3 Rb8 10. a4 Ne5 11. Be3 Nc6 12. Qd2 Nb4 13. f4 Bd7 14. f5 Qc8 15. g4 h5
16. g5 Nh7 17. fxg6 fxg6 18. Nf4 Nxg5 19. Nxg6 Rxf1+ 20. Rxf1 Nxh3+ 21. Bxh3
Bxh3 22. Nxe7+ Kh7 23. Nxc8 Bxf1 24. Kxf1 Rxc8 25. Nd5 Rf8+ 26. Ke2 Nc6 27. Nf4
Nd4+ 28. Bxd4 Bxd4 29. Ke1 h4 30. Qh2 Bf6 31. Nd5 Bg5 32. Qxd6 Rf7 33. Qe6 Kg7
34. b3 Kf8 35. Ke2 Kg7 36. Qg4 Kh6 37. Ne3 Rf4 38. Nf5+ Kg6 39. Nxh4+ Kf6 40.
e5+ 1-0

[Event "XXX Coppa d'Oro"]
[Site "Villa Guardia ITA"]
[Date "2012.11.04"]
[Round "5"]
[White "Cairoli, Camillo"]
[Black "Raineri, Valerio"]
[WhiteElo "1939"]
[BlackElo "2142"]
[Result "1/2-1/2"]
[PlyCount "95"]
[EventDate "2012.11.01"]

1. c4 Nf6 2. g3 g6 3. b3 Bg7 4. Bb2 d6 5. Bg2 O-O 6. Nc3 e5 7. Nf3 c6 8. e4 Qe7
9. O-O Ne8 10. d4 Nd7 11. Re1 f6 12. Qd2 Rf7 13. Rad1 Nf8 14. h3 Nd7 15. Ba3
Bf8 16. b4 Nb6 17. Qe2 Be6 18. d5 cxd5 19. cxd5 Bd7 20. b5 Rc8 21. Bb4 f5 22.
Nd2 Bh6 23. a4 Nf6 24. a5 Bxd2 25. Rxd2 Nc4 26. Rc2 Qe8 27. Rec1 a6 28. b6 Bb5
29. Qe1 Nd7 30. Nxb5 axb5 31. Bf1 Nc5 32. f3 Nb3 33. Rb1 Nd4 34. Rc3 fxe4 35.
fxe4 Nf3+ 36. Rxf3 Rxf3 37. Bxc4 bxc4 38. a6 c3 39. Bxd6 c2 40. Rc1 bxa6 41. b7
Rb8 42. Bxb8 Qxb8 43. Qb4 Rf7 44. Rxc2 Rxb7 45. Qd2 Rb1+ 46. Kg2 Qb6 47. Qf2
Qxf2+ 48. Kxf2 1/2-1/2